000 00692nmm a2200277 a 4500
003 AR-BaBNM
005 20251128211717.0
008 015120s1986 ||||||||||||||000 | spa||
020 _a950-07-0331-9
040 _cAR-BaBNM
100 1 _aCortázar, Julio
_d1914-1984
245 1 0 _aEl examen
260 _aBuenos Aires
_bSudamericana
_c1986
300 0 _a245 p.
500 0 _aContiene palabras liminares del autor
650 4 _aLITERATURA ARGENTINA
650 4 _aCULTURA
650 4 _aHUMANIDADES
650 4 _aLITERATURA DE FICCION
650 4 _aNOVELAS
650 4 _aSIGLO VEINTE
650 4 _aSOCIOLOGIA URBANA
655 _aLITERATURA
942 _cBK
998 _cmartin
999 _c20810
_d20810